000 00398nam a2200169Ia 4500
003 0STCL
008 150530s9999 xx 000 0 und d
040 _aSTCL
_cSTCL
100 _aMilton; Seturaman, V.S.; Ed
245 _aJohn Milton apologic for poetrie
250 _aFirst
260 _bMacmillan
_c1981
546 _aEnglish
942 _2ddc
_cBK
999 _c60517
_d60517
005 20220125171136.0